000 00825cab a22001935a 4500
001 L143904
008 080605s2008 xxk f 000 0 eng d
035 _a(Sirsi) u143904
041 0 _aeng
100 1 _aPratt, Alexandra
245 0 0 _aBuilding a bigger workforce
260 _c2008
490 _aRICS Business
_vJune 2008, 14-17(4)
520 _aReports on the skills shortage in the surveying profession. Argues that training and retention are just as important as recruiting and training new surveyors. Looks at how the skills market in various areas of the work is responding to the shortage. Notes that the UK market is weak compared to others around the world. Provides a summary of the strategies endorsed by the RICS.
590 _aKA
651 4 _aInternational
690 _aBUILT ENVIRONMENT
942 _n0
999 _c80307
_d80307